000 02339cam a22004217i 4500
001 data
005 20260322212117.0
008 data
035 _a17621510
906 _a7
_bcbc
_ccopycat
_d2
_encip
_f20
_gy-gencatlg
925 0 _aacquire
_b1 shelf copy
_xpolicy default
010 _a 2012538614
020 _a9780071775335
_q(pbk.)
020 _a0071775331
_q(pbk.)
020 _a9781444114812
020 _a1444114816
035 _a(OCoLC)721904697
040 _aBTCTA
_beng
_cBTCTA
_dDLC
_dILC
_dBDX
_dOCLCF
_dOCLCQ
_dYDXCP
_dSFR
_dDLC
042 _alccopycat
050 0 0 _aQ162
_b.E885 2011
082 0 4 _a500
100 1 _aEvans, Jon,
_d1972-
245 1 0 _aUnderstand science /
_cJon Evans.
246 3 0 _aTeach yourself understand science
260 _a[Place of publication not identified] :
_bMcGraw-Hill,
_a[Place of publication not identified] :
_bMcGraw-Hill,
_c2011.
300 _ax, 230 pages :
_billustrations ;
_c20 cm
336 _atext
_btxt
_2rdacontent
337 _aunmediated
_bn
_2rdamedia
338 _avolume
_bnc
_2rdacarrier
500 _aAt head of title: Teach yourself.
504 _aIncludes bibliographical references and index.
505 0 _aHow we got here. Bang, we're off ; Molecules in space ; Recipe for a solar system ; Life begins ; Evolution and extinction -- Way of all flesh. Life in sequence ; From the bottom up ; Getting it on ; Man the defences ; Attack of the nerves -- Earth, wind and fire. Ground beneath our feet ; Shake, rattle and roll ; Earth rocks ; Wet and windy ; Stormy weather -- We have the technology. Full of energy ; Coming in waves ; Information overload ; Pedal to the metal ; It's alive -- When science goes bad. Fraud, fakery and fantasy ; Shocks and scares ; Hot enough for you? ; Apocalypse now ; Know your limits -- Science of the future. Back to the future ; A.I. ; Innerspace ; A space odyssey ; Things to come.
520 _aCovers all of the essential facts on all key areas from evolution and cell biology to star formation and plate tectonics. The essential introductory guide for a journey of discovery through physics, chemistry, biology, and more.
650 0 _aScience.
650 7 _aScience.
_2fast
_0(OCoLC)fst01108176
999 _c1776
_d1776